Παράκτια μορφοδυναμικής της ακτής του Κορινθιακού κόλπου στο νομό Κορινθίας με έμφαση στην παραλία Βραχατίου : μεταπτυχιακή διατριβή

Μια από τις σημαντικότερες επιπτώσεις της κλιματικής αλλαγής που βιώνει ο πλανήτης μας είναι η άνοδος της παγκόσμιας στάθμης της θάλασσας. Το γεγονός ότι οι παράκτιες ζώνες περιλαμβάνονται στα πλέον δυναμικά και εξελισσόμενα συστήματα του πλανήτη με τεράστια οικολογική και οικονομική αξία, καθιστά τ...

Πλήρης περιγραφή

Αποθηκεύτηκε σε:
Λεπτομέρειες βιβλιογραφικής εγγραφής
Κύριος συγγραφέας: Κανελλόπουλος, Αλέξης
Συγγραφή απο Οργανισμό/Αρχή: Πανεπιστήμιο Αιγαίου Σχολή Περιβάλλοντος Τμήμα Επιστημών της Θάλασσας Πρόγραμμα Μεταπτυχιακών Σπουδών Διαχείριση Παράκτιων Περιοχών
Μορφή: Thesis Βιβλίο
Γλώσσα:Greek
Δημοσίευση: 2014.
Θέματα:
Διαθέσιμο Online:http://hdl.handle.net/11610/11660
Ετικέτες: Προσθήκη ετικέτας
Δεν υπάρχουν, Καταχωρήστε ετικέτα πρώτοι!

MARC

LEADER 00000cam a2200000 a 4500
001 1/108222
008 150828s2014####gr d ||| |||| ||gre||
040 |a GR-MyUa  |b gre  |c GR-MyUa  |e AACR2 
041 0 |a gre 
082 7 |a 333.91   |2 (23)  
100 1 |a Κανελλόπουλος, Αλέξης. 
245 1 0 |a Παράκτια μορφοδυναμικής της ακτής του Κορινθιακού κόλπου στο νομό Κορινθίας με έμφαση στην παραλία Βραχατίου :   |b μεταπτυχιακή διατριβή /   |c του Κανελλόπουλου Αλέξη.  
260 |c 2014.  
300 |a 105 σ. :   |b εικ., πίν. ;   |c 30 εκ.  
502 |a Διατριβή (μεταπτυχιακή) - Πανεπιστήμιο Αιγαίου, Λέσβος, 2014.  
504 |a Περιλαμβάνει βιβλιογραφία και παράρτημα.  
506 1 |a Ηλεκτρονική διάθεση στο πλήρες κείμενο – περιορισμένης πρόσβασης ;   |d Ελεύθερη διάθεση μόνο στα μέλη του Πανεπιστημίου Αιγαίου. 
520 8 |a Μια από τις σημαντικότερες επιπτώσεις της κλιματικής αλλαγής που βιώνει ο πλανήτης μας είναι η άνοδος της παγκόσμιας στάθμης της θάλασσας. Το γεγονός ότι οι παράκτιες ζώνες περιλαμβάνονται στα πλέον δυναμικά και εξελισσόμενα συστήματα του πλανήτη με τεράστια οικολογική και οικονομική αξία, καθιστά τον κατακλυσμό τους ως μια από τις σοβαρότερες συνέπειες της ανόδου της θαλάσσιας στάθμης. Έντονα καιρικά φαινόμενα όπως καταιγίδες και μετεωρολογικές παλίρροιες, τα οποία αναμένεται να αυξηθούν σε ένταση και ισχύ, δρούν προσθετικά στο φαινόμενο αυτό και μπορούν να οδηγήσουν σε πλημμύρες και σε καταστάσεις όπου ο πληθυσμός και οι υποδομές της παράκτιας ζώνης μπορεί να κινδυνεύσουν. Ο προσδιορισμός της φυσικής αντίδρασης της ακτογραμμής σε ενδεχόμενες μεταβολές της στάθμης της θάλασσας είναι χρήσιμος για τη διατήρηση και προστασία των ευπαθών παράκτιων συστημάτων. Στην παρούσα εργασία γίνεται μια γεωμορφολογική παρατήρηση της παράκτιας περιοχής του Ν. Κορινθίας προς τον Κορινθιακό κόλπο και προβλέπεται η οπισθοχώρηση της παραλίας Βραχατίου Κορινθίας όπως αυτή εκτιμήθηκε από την εφαρμογή αριθμητικών και αναλυτικών μοντέλων.  
540 |a Κλειδωμένη η δυνατότητα αντιγραφής (copy) από το ηλεκτρονικό αρχείο.  
650 0 |a Coastal engineering  |x Environmental aspects. 
650 0 |a Coastal zone management  |z Greece  |z Corinth. 
700 1 |a Βελεγράκης, Αντώνιος Φ.  |e dgs 
710 2 |a Πανεπιστήμιο Αιγαίου  |b Σχολή Περιβάλλοντος  |b Τμήμα Επιστημών της Θάλασσας  |b Πρόγραμμα Μεταπτυχιακών Σπουδών Διαχείριση Παράκτιων Περιοχών. 
852 |a INST  |b LESVOS  |c DIATR  |e 20150828  |h 265  |p 005100058056  |q 005100058056  |t MTXE  |y 23 
852 |a INST  |b LESVOS  |c DIATR  |e 20150828  |h 266  |p 005100058055  |q 005100058055  |t MTXE  |y 23 
856 |u http://hdl.handle.net/11610/11660 
924 |a Κανελλόπουλος   |b Αλέξης   |y Λέσβος  |z 2014-05  
970 |a Τζαφέρη   |b Ευαγγελία   |z 28-08-2015